000 00948cab a2200253 4500
001 ABS57198
008 090401t1997 xxu||||| |||| 00| 0 eng d
035 _a(Sirsi) u98483
041 _aeng
100 _aCartwright, J.
245 _aLiability in negligence: new directions or old?
260 _c1997
350 _a0
490 _aConstruction Law Journal
_v(1997) Const.L.J. 157-165(9)
520 _aWhere once the subject of liability in negligence was considered dead, the House of Lords through recent cases has reopened the debate. Cases examined - "Spring v Guardian Assurance plc" and "Henderson v Merrett Syndicates Ltd".
650 _aBARCLAYS BANK PLC V FAIRCLOUGH BUILDING LTD
650 _aHEDLEY BYRNE & CO LTD V HELLER & PARTNERS LTD
650 _aLIABILITY
650 _aLLOYDS NAMES
650 _aNEGLIGENCE
690 _aMANAGEMENT-BUSINESS MANAGEMENT-PROFESSIONAL PRACTICE
942 _n0
948 _c13/06/1997
999 _c59868
_d59868